| 000 | 01396cam a22003857a 4500 | ||
|---|---|---|---|
| 003 | CHAP | ||
| 005 | 20220329141906.0 | ||
| 008 | 980420d1998 mx r 00110 spa d | ||
| 010 | _a75350 | ||
| 011 | _a76322 | ||
| 035 | _a85903 | ||
| 040 | _cCHAP | ||
| 090 | _aTesis | ||
| 100 | 0 | 0 |
_aAlvarado Segura, Arturo Antonio. _94828 |
| 245 | 1 | 0 |
_aMétodos estadísticos multivariados en dasonomía _c/por Arturo Antonio Alvarado Segura |
| 260 |
_aChapingo, Méx. : _bEl autor, _c1998. |
||
| 300 |
_a225 h. : _bcuadros |
||
| 502 | _aTesis (M.C. en Ciencias Forestales) -- UACH. División de Ciencias Forestales. Coordinación de Posgrado | ||
| 590 |
_aALEPH _b10 _c20130110 _lUCH01 _h1424 |
||
| 590 |
_aBATCH-UPD _b10 _c20130109 _lUCH01 _h2334 |
||
| 590 |
_aBATCH-UPD _b10 _c20130110 _lUCH01 _h0312 |
||
| 590 |
_aBATCH-UPD _b10 _c20130110 _lUCH01 _h1739 |
||
| 590 |
_aBATCH-UPD _b10 _c20130409 _lUCH01 _h1901 |
||
| 590 |
_aBATCH-UPD _b10 _c20130409 _lUCH01 _h2345 |
||
| 590 |
_aBATCH-UPD _b10 _c20130914 _lUCH01 _h0255 |
||
| 590 |
_aCONVERSION _b10 _c20130109 _lUCH01 _h1341 |
||
| 650 | 1 | 4 |
_aAnálisis multivariado. _95990 |
| 650 | 1 | 4 |
_aBosques _xAdministración. _914003 |
| 650 | 1 | 4 |
_aBosques _xMétodos estadísticos. _914340 |
| 901 | _aBK | ||
| 905 | _aLilia Sánchez G. | ||
| 942 | _cFOLL | ||
| 949 |
_bBC _cTES _d33724000589222 _eTS2 _fc.2 _h32520 _i85903 _si |
||
| 949 |
_bBC _cTES _d859031 _eTS1 _h32519 _i85903 _sb |
||
| 999 |
_c75350 _d75350 |
||